| 000 | 01205nam a2200301 i 4500 | ||
|---|---|---|---|
| 001 | 197677 | ||
| 003 | ES-MaACL | ||
| 005 | 20250708165617.0 | ||
| 007 | ta | ||
| 008 | 250626b sp ||||| |||| 00| 0 spa d | ||
| 040 |
_bspa _cES-MaACL |
||
| 100 |
_aDíaz González, Patricio _eaut _9241087 |
||
| 245 |
_aDiócesis de Rancagua (1541-1800) : _bdesarrollo histórico de sus parroquias / _cPatricio Díaz González |
||
| 250 | _aPrimera edición: julio de 2016 | ||
| 260 |
_aSantiago de Chile : _bRIL editores, _c2016 |
||
| 264 | _a©2016 | ||
| 300 |
_a76 páginas : _bilustrado en blanco y negro ; _c23 cm |
||
| 336 |
_2rdacontent _aTexto |
||
| 337 |
_2rdamedia _asin mediación |
||
| 338 |
_2rdacarrier _avolumen |
||
| 650 | 7 |
_9168350 _aDiócesis |
|
| 852 |
_aES-MaACL _cDEPO1 _jA-15748 _hDonación: Centro de Información Documental de Archivos _xEncuadernación rústica con solapas _9206106 |
||
| 914 |
_aCentro de Información Documental de Archivos _ednr |
||
| 942 |
_cMONOGRAFIA _n0 |
||
| 999 |
_c197677 _d197677 |
||